| 000 | 00595nam a22002177a 4500 | ||
|---|---|---|---|
| 003 | Ost | ||
| 005 | 20260312033940.0 | ||
| 008 | 260312b |||||||| |||| 00| 0 eng d | ||
| 020 | _a9789355422286 | ||
| 040 | _cBT-PhCST | ||
| 050 | _a25721-25722 | ||
| 082 |
_222 _a005.758 _bCAR |
||
| 100 | _a Carpenter, Jeff. | ||
| 245 |
_aCassandra the definitive guide : _b distributed data at web scale / |
||
| 250 | _a3rd ed. | ||
| 260 |
_aIndia : _bO'Reilly Media, _cc2022. |
||
| 300 |
_axxii, 407 p. : _bill. ; _c23 cm. |
||
| 500 | _aIncludes index. | ||
| 700 | _aHewitt, Eben. | ||
| 942 |
_2ddc _cSE |
||
| 999 |
_c10182 _d10182 |
||